000 00376nam a2200121 4500
999 _c13752
_d13752
008 190403b ||||| |||| 00| 0 eng d
100 _938224
_aAlcayde, Jerry J.
245 _aMangyan tribes support PNP anti-crime initiative/
_cJerry J. Alcayde
260 _aPhilippines:
_bManila Bulletin;
_cc2018.
300 _apage 5.
650 0 _938225
_aNative peoples.
942 _2ddc
_cPER